The Space between Us : Negotiating Gender and National Identities in Conflict /
Uloženo v:
| Hlavní autor: | |
|---|---|
| Médium: | Kniha |
| Jazyk: | angličtina |
| Vydáno: |
Londres, Inglaterra :
Zed Books,
2003, c1998
|
| Témata: | |
| Tagy: |
Žádné tagy, Buďte první, kdo vytvoří štítek k tomuto záznamu!
|
MARC
| LEADER | 00000nam^a2200000^a^4500 | ||
|---|---|---|---|
| 001 | 000295453 | ||
| 005 | 20250521000000.0 | ||
| 009 | 20260310112239.799 | ||
| 020 | |a 1-85649-617-1 | ||
| 020 | |a 1-85649-618-X | ||
| 037 | |a Acervo ITESO - Biblioteca | ||
| 041 | |a ING | ||
| 082 | |a 327. 17 |b COC | ||
| 100 | |a Cockburn, Cynthia |e (autor) | ||
| 245 | 1 | 4 | |a The Space between Us : |b Negotiating Gender and National Identities in Conflict / |c C. Cockburn. |
| 264 | 4 | |a Londres, Inglaterra : |b Zed Books, |c 2003, c1998 | |
| 300 | |a VIII, 247 p. | ||
| 336 | |a texto |b txt |2 rdacontenido | ||
| 337 | |a sin mediación |b n |2 rdamedio | ||
| 338 | |a volumen |b nc |2 rdasoporte | ||
| 649 | |a XX | ||
| 650 | |a Activistas Sociales | ||
| 650 | |a Mujeres | ||
| 650 | |a Identidad Nacional - |x Tema Principal | ||
| 650 | |a Nacionalismo | ||
| 650 | |a Relaciones Interculturales | ||
| 650 | |a Pacifismo - |x Tema Principal | ||
| 650 | |a Negociación y Mediación | ||
| 650 | |a Conflicto Social | ||
| 650 | |a Guerra y Paz | ||
| 650 | |a Género - |x Tema Principal | ||
| 650 | |a Política Internacional | ||
| 910 | |a Fondo General | ||
| 920 | |a Impresos - Libros | ||
| 930 | |a Colección General | ||
| 905 | |a 101 | ||
| 901 | |a 0500181049 |b IT1 |c ACC |u 20250521 | ||
| 902 | |a https://opac.biblio.iteso.mx/vufind/Record/000295453 | ||